Open Data Biblioteca Nacional de Portugal


República Portuguesa: Ministério da Cultura
Biblioteca Nacional de Portugal

Catálogo da BNP: acesso por Identificadores Unívocos
Registos Bibliográficos associados ao registo de autoridade

Etiqueta de registo: 00254nam 2200025 450
001 2278135
003 http://id.bnportugal.gov.pt/bib/catbnp/2278135
100 ## $a20260309d2025 k y0pory01030103ba
101 0# $aeng$dpor
102 ## $aPT
105 ## $aa m 000yy
106 ## $ar
200 1# $aStudies on the regulation of bacteriocin loci in Streptococcus mitis$fJoão Borralho$gsupervisor Raquel Sá-Leão
210 #9 $aOeiras$c[s.n.],$d2025
215 ## $aXX, 252 p.$cil.$d25 cm
300 ## $aAcesso não autorizado pelo autor por um período de 3 anos
328 #1 $aTese dout. Molecular Biosciences (Biology), Instituto de Tecnologia Química e Biológica António Xavier, Universidade Nova de Lisboa, 2025
675 ## $a577(043)$vBN$zpor$3337145
675 ## $a579.84(043)$vBN$zpor$31224994
675 ## $vBN$zpor$3435446
700 #1 $91$aBorralho,$bJoão$31989947
702 #1 $aLeão,$bRaquel Sá$4727$31180635
801 #0 $aPT$bBN$gRPC
966 ## $lBN$mFGMON$sS.A. 193540 V.$x1
971 ## $cabrito$d20260309
973 ## $cmlsousa$d20260409

OpendataBNP@bnportugal.pt | Mais informação sobre acesso aos dados BNP